Statystyki dla Moby z minecraft

Kliknij tutaj aby rozwiązać quiz!

Ogólne statystyki

  • Ten quiz został rozwiązany 124 razy
  • Średni wynik to 19 z 79

Statystyki odpowiedzi

PrzynałeżnośćMob% Poprawnych
Nieumarłe-
Zgniłe
Zombie
90%
Nieumarłe-
grobowe
Szkielet
89%
ZwierzętaKrowa
67%
ZwierzętaŚwinia
66%
StawonogiPająk
65%
PotworyCreeper
57%
ZwierzętaKot
56%
ZwierzętaWilk
56%
ZwierzętaOwca
55%
ZwierzętaKoń
48%
ZwierzętaKura
48%
RybyŁosoś
48%
OsadnicyOsadnik
48%
RybyDorsz
47%
Pig-manyPiglin
44%
Nieumarłe-
grobowe
Wither
40%
NetherBlaze
36%
NetherGhast
36%
ZwierzętaOcelot
35%
ZwierzętaOsioł
33%
RybyRozdymka
33%
EndSmok Kresu
33%
ZwierzętaPapuga
27%
Pig-manyHoglin
25%
ZłosadnicyWiedźma
25%
RybyKałamarnica
23%
StawonogiPająk Jaskiniowy
23%
RybyRyba Tropikalna
23%
Nieumarłe-
Zgniłe
Utopiec
23%
EndEndermite
22%
ZwierzętaLama
22%
StawonogiPszczoła
22%
EndShulker
22%
PotworySzlam
22%
RybyŻaba
22%
OsadnicyŻelazny golem
22%
ZwierzętaMuł
20%
NetherKostka Magmy
19%
ZwierzętaKoza
19%
ZwierzetaKrólik
19%
RybyDelfin
18%
ZwierzętaPanda
18%
RybyStrażnik
18%
RybyAksolotl
17%
ZwierzętaLis
17%
Nieumarłe-
zgniłe
Zombie osadnik
17%
Nieumarłe-
grobowe
Koń szkielet
16%
ZwierzetaNietoperz
16%
StawonogiRybik cukrowy
16%
Nieumarłe-
grobowe
Witherowy szkielet
16%
Pig-manyZoglin
16%
ZwierzętaNiedźwiedź Polarny
14%
Nieumarłe-
zgniłe
Posuch
13%
ZłosadnicyPrzywoływacz
13%
Nieumarłe-
inne
Fantom
11%
ZłosadnicyDewastator
10%
Nieumarłe-
zgniłe
Koń zombie
10%
ZłosadnicyObrońca
10%
ZłosadnicyRozbójnik
10%
RybyŚwiecąca Kałamarnica
10%
ZwierzętaWielbłąd
10%
OsadnicyWędrowny Handlarz
9%
ZłosadnicyDręczyciel
8%
PotworyNadzorca
8%
Nieumarłe-
grobowe
Tułacz
8%
PotworyAllay
7%
PotworyNiuchacz
7%
OsadnicyŚnieżny golem
7%
NetherMagmołaz
6%
RybyKijanka
5%
ZwierzętaMooshroom
5%
Pig-manyZzombifikowany piglin
5%
Pig-manyPiglin okrutnik
3%
EndEnerman
2%
Nieumarłe-
Zgniłe
Gigant
2%
RybyPrastrażnik
2%
ZwierzetaLama handlarza
1%
ZłosadnicyIluzioner
0%
RybyŻółw morski
0%

Rozkład punktacji

Percentyl według liczby udzielonych odpowiedzi

Procent ludzi z każdym wynikiem

Twoja historia wyników

Nie rozwiązałeś tego quizu